[Event "FIDE World Uni Blitz-B 1st"]
[Site "Tornelo INT"]
[Date "2021.03.13"]
[Round "4.28"]
[White "Prado Gabriel, Fabricio David"]
[Black "Bellissimo, Joseph F"]
[Result "0-1"]
[WhiteElo "1751"]
[BlackElo "2203"]
[PlyCount "64"]
[EventDate "2021.03.13"]
[EventType "swiss (blitz)"]
[EventRounds "10"]
[EventCountry "NET"]
[SourceTitle "EXT 2022"]
[Source "ChessBase"]
[SourceDate "2021.10.06"]
[SourceVersion "1"]
[SourceVersionDate "2021.10.06"]
[SourceQuality "1"]

1. d4 Nf6 2. Nf3 e6 3. e3 d5 4. Bd3 Bd6 5. 0-0 b6 6. Nbd2 Bb7 7. Qe2 Nbd7 8. e4 dxe4 9. Nxe4 Nxe4 10. Bxe4 Bxe4 11. Qxe4 0-0 12. Bg5 Nf6 13. Qe2 Be7 14. Ne5 Qxd4 15. c3 Qa4 16. Rfe1 h6 17. Be3 Nd5 18. Bc1 Bd6 19. b3 Qh4 20. c4 Nf4 21. Qf3 Ng6 22. g3 Nxe5 23. Rxe5 Qd4 24. Re1 Qxa1 25. Qe2 Qf6 26. Bb2 Qg6 27. Qf3 Rae8 28. Re4 f5 29. Re2 e5 30. h4 e4 31. Qg2 f4 32. c5 f3 0-1

[Event "Lima Santisimo Nombre de Jesus 6"]
[Site "Lima"]
[Date "2013.11.22"]
[Round "5"]
[White "De la Cruz, Jonathan"]
[Black "Prado Gabriel, Fabricio David"]
[Result "1-0"]
[WhiteElo "1947"]
[BlackElo "1755"]
[PlyCount "65"]
[EventDate "2013.11.18"]
[EventType "swiss"]
[EventRounds "8"]
[EventCountry "PER"]
[SourceTitle "EXT 2024"]
[Source "ChessBase"]
[SourceDate "2023.10.10"]
[SourceVersion "1"]
[SourceVersionDate "2023.10.10"]
[SourceQuality "1"]

1. e4 c6 2. d4 d5 3. Nd2 dxe4 4. Nxe4 Nd7 5. Bc4 Ngf6 6. Ng5 e6 7. Qe2 Nb6 8. Bb3 a5 9. a4 Qxd4 10. N1f3 Bb4+ 11. c3 Bxc3+ 12. Kf1 Qb4 13. Qc2 Bd4 14. Nxd4 Qxd4 15. Be3 Qd8 16. Bc5 Nbd5 17. Ne4 Nxe4 18. Qxe4 f5 19. Qe5 Qf6 20. Qe2 Kf7 21. Rd1 Re8 22. Bc4 Bd7 23. Bd6 Kg8 24. Be5 Qf7 25. h4 h5 26. Rh3 Rad8 27. Bxd5 exd5 28. f4 g6 29. Rg3 Kh7 30. Kg1 c5 31. Qd2 Bxa4 32. b3 Bc6 33. Qxa5 1-0

[Event "Lima Santisimo Nombre de Jesus 6"]
[Site "Lima"]
[Date "2013.11.18"]
[Round "1"]
[White "Prado Gabriel, Fabricio David"]
[Black "Torres Alvarez, Piero Antonio"]
[Result "1-0"]
[WhiteElo "1754"]
[BlackElo "1495"]
[PlyCount "71"]
[EventDate "2013.11.18"]
[EventType "swiss"]
[EventRounds "8"]
[EventCountry "PER"]
[SourceTitle "EXT 2024"]
[Source "ChessBase"]
[SourceDate "2023.10.10"]
[SourceVersion "1"]
[SourceVersionDate "2023.10.10"]
[SourceQuality "1"]

1. d4 d5 2. Bf4 e6 3. e3 Bd6 4. Bg3 f5 5. c4 c6 6. Nc3 Nf6 7. Nf3 0-0 8. Be2 Nbd7 9. Bxd6 Re8 10. Ne5 Ne4 11. Nxe4 fxe4 12. 0-0 Nf6 13. Ba3 b6 14. Nxc6 Qc7 15. Ne5 Nd7 16. Nxd7 Bxd7 17. Rc1 Qb7 18. Qb3 a5 19. cxd5 exd5 20. Bb5 a4 21. Qb4 Bxb5 22. Qxb5 Re6 23. Rc2 Rf6 24. Rfc1 h5 25. Rc7 Qb8 26. Qxd5+ Kh7 27. Qxh5+ Rh6 28. Qf5+ Rg6 29. R7c6 Qe8 30. Rxb6 Rb8 31. Qh5+ Rh6 32. Rxh6+ gxh6 33. Rc7+ Kg8 34. Qg4+ Qg6 35. Qxg6+ Kh8 36. Qg7# 1-0

[Event "Lima Morales Memorial op 3rd"]
[Site "Lima"]
[Date "2013.??.??"]
[Round "10"]
[White "Bustamante, Godofredo"]
[Black "Prado Gabriel, Fabricio David"]
[Result "0-1"]
[WhiteElo "1904"]
[BlackElo "1644"]
[PlyCount "48"]
[EventDate "2013.02.02"]
[EventType "swiss"]
[EventRounds "11"]
[EventCountry "PER"]
[SourceTitle "CBM 153 Extra"]
[Source "ChessBase"]
[SourceDate "2013.04.22"]
[SourceVersion "1"]
[SourceVersionDate "2013.04.22"]
[SourceQuality "1"]

1. d4 Nf6 2. Nf3 d5 3. c4 c6 4. e3 e6 5. Nc3 Nbd7 6. Bd3 dxc4 7. Bxc4 b5 8. Bd3 Bb7 9. Bd2 a6 10. a4 Bd6 11. 0-0 0-0 12. Ne2 e5 13. Qc2 Re8 14. Ng3 Rc8 15. b4 g6 16. Rab1 c5 17. dxe5 cxb4 18. Qb3 Bd5 19. Qb2 Nxe5 20. Nxe5 Bxe5 21. Qxb4 Ba2 22. f4 Qxd3 23. fxe5 Nd5 24. Qb2 Rc2 0-1